[Event "IECC M email"]
[Site "IECC email"]
[Date "1999.05.30"]
[Round "?"]
[White "Lyew, Merrill"]
[Black "Syfert, Tertius"]
[Result "1-0"]
[WhiteElo "1541"]
[BlackElo "1511"]
[PlyCount "33"]
[EventDate "1999.??.??"]
[EventType "tourn (corr)"]
[EventRounds "6"]
[SourceTitle "Corr 2008"]
[Source "ChessBase"]
[SourceDate "2008.06.24"]
[SourceVersion "1"]
[SourceVersionDate "2008.06.24"]
[SourceQuality "1"]

1. e4 e5 2. Nf3 c5 3. Nxe5 Qe7 4. d4 Nc6 5. Nxc6 Qxe4+ 6. Qe2 Qxe2+ 7. Bxe2 bxc6 8. Be3 Rb8 9. b3 cxd4 10. Bxd4 d5 11. 0-0 Nf6 12. Bxa7 Rb4 13. a3 Rh4 14. Re1 Be6 15. Nd2 g5 16. Nf3 Ng4 17. Nxh4 1-0

[Event "IECC M email"]
[Site "IECC email"]
[Date "1999.02.20"]
[Round "?"]
[White "Syfert, Tertius"]
[Black "Pascute, Bruce"]
[Result "1-0"]
[WhiteElo "1500"]
[BlackElo "1376"]
[PlyCount "37"]
[EventDate "1999.??.??"]
[EventType "tourn (corr)"]
[EventRounds "6"]
[SourceTitle "Corr 2008"]
[Source "ChessBase"]
[SourceDate "2008.06.24"]
[SourceVersion "1"]
[SourceVersionDate "2008.06.24"]
[SourceQuality "1"]

1. e4 e5 2. f4 Bc5 3. Nf3 d6 4. c3 Nf6 5. d4 exd4 6. cxd4 Bb6 7. Nc3 0-0 8. e5 dxe5 9. fxe5 Nd5 10. Bg5 Nxc3 11. bxc3 Qe8 12. Bd3 f6 13. 0-0 fxg5 14. Nxg5 Rxf1+ 15. Qxf1 g6 16. Bc4+ Kg7 17. Qf6+ Kh6 18. Nf7+ Kh5 19. Qg5# 1-0